Francophone Oceania today : literature, visual arts, music and cinema /

"Francophone Oceania Today: Literature, Visual Arts, Music and Cinema is a compilation of essays that breaks new ground in the exploration of recent and contemporary cultural expressions emerging from Francophone Oceania. This books explores Francophone Oceania today: a region rich in literary,...

Full description

Bibliographic Details
Corporate Author: Society for Francophone Postcolonial Studies
Other Authors: Royer, Michelle (Editor), Ségeral, Nathalie (Editor), Vuong, Léa (Editor)
Format: Book
Language:English
Published: Liverpool : Liverpool University Press, 2024
Series:Francophone postcolonial studies ; new ser., v. 15.
Subjects:

MARC

Tag First Indicator Second Indicator Subfields
LEADER 00000cam a2200000 i 4500
001 in00005655021
008 240320t20242024enkab b 001 0 eng d
005 20250802185358.9
035 |a (OCoLC)on1427238352 
040 |a YDX  |b eng  |e rda  |c YDX  |d BDX  |d YDX  |d KCC  |d OCLCO  |d BUB 
020 |a 9781802071931 
020 |a 1802071938  |q (hardcover) 
035 |a (OCoLC)1427238352 
043 |a pofp--- 
050 4 |a NX653.F74  |b F73 2024 
082 0 4 |a 700.954  |2 23 
245 0 0 |a Francophone Oceania today :  |b literature, visual arts, music and cinema /  |c edited by Michelle Royer, Nathalie Ségeral and Léa Vuong. 
264 1 |a Liverpool :  |b Liverpool University Press,  |c 2024 
264 4 |c ©2024 
300 |a ix, 274 pages :  |b illustrations (some color), maps ;  |c 24 cm. 
336 |a text  |b txt  |2 rdacontent 
336 |a still image  |b sti  |2 rdacontent 
336 |a cartographic image  |b cri  |2 rdacontent 
337 |a unmediated  |b n  |2 rdamedia 
338 |a volume  |b nc  |2 rdacarrier 
490 1 |a Francophone Postcolonial Studies ;  |v New Series, Volume 15. 
504 |a Includes bibliographical references and index. 
505 0 0 |g Part 1.  |t New crossings in Oceanian artistic and cinematic networks --  |t Museographical approaches to the French Pacific collections from the Musée du quai Branly-Jacques Chirac and the Te Fare Iamanaha-Musée de Tahiti et des îles : an interview with Stéphanie Leclerc Caffarel and Miriama Bono /  |r Victoria Souliman --  |t 'Our identity lies ahead of us.' The Tjibaou Cultural Centre Ngan Jila 25 years on : what vision to hope for the house of riches? /  |r Susan Cochrane ; Guillaume Soulard --  |t Empowering Oceanic voices : Francophone film festivals and visual autonomy /  |r Michelle Royer --  |g Part 2.  |t Solidarity, trans-insular links and ecocritical activism in contemporary Oceania --  |t Reframing Francophone travel writing in Oceania : the case of 'Peuples de l'eau' /  |r Cécile Dô Hûu --  |t (Re)mothering the island : Chantal T. Spitz and Imasango's poetics of motherhood /  |r Nathalie Ségeral --  |t Wrapped islands and invisible artists : rethinking contemporary art in Oceania /  |r Léa Vuong --  |g Part 3.  |t Performing the present, reconfiguring the past : contemporary photography, theatre and music --  |t Opaque visions of Polynesia : word and image interactions in Marie-Hélène Villierme's Visage de Polynésie, Faces of Polynesia /  |r Josephine Goldman --  |t Titaua Porcher's Hina, Maui et compagnie : theatre for a Snapchat culture /  |r Julia Frengs --  |t Navigating island life : performing musicians in the Francophone South Pacific /  |r Florence Boulard ; Ryan Daniel --  |g Part 4.  |t Islands of shattered dreams, 15 years on --  |t De-colonial dilemmas? on translating Chantal T. Spitz /  |r Jean Anderson --  |t Why I wrote L'îles des rêves écrasés [Island of shattered dreams] : taking up writing, taking up resistance and questioning official historical narratives /  |r Chantal T. Spitz ; translated by Jean Anderson --  |t Rosalie /  |r Chantal T. Spitz ; translated by Jean Anderson --  |t The quiet spot : the rain is with me as I pass /  |r Nicolas Kurtovitch ; translated by Jean Anderson 
520 |a "Francophone Oceania Today: Literature, Visual Arts, Music and Cinema is a compilation of essays that breaks new ground in the exploration of recent and contemporary cultural expressions emerging from Francophone Oceania. This books explores Francophone Oceania today: a region rich in literary, artistic, and cultural productions, which nonetheless remains a marginalised space within Francophone Studies and disconnected from the mostly Anglophone cultural networks currently deployed in the South Pacific."-Amazon.com 
650 0 |a Arts  |z French Polynesia. 
650 0 |a Pacific Island literature (French) 
650 0 |a Music  |z French Polynesia. 
650 0 |a Motion pictures  |z French Polynesia. 
650 6 |a Arts  |z Polynésie française. 
650 6 |a Littérature océanienne (française) 
650 6 |a Musique  |z Polynésie française. 
700 1 |a Royer, Michelle,  |e editor.  |1 https://id.oclc.org/worldcat/entity/E39PCjHCYbhDfw9cYtyQdrj8JC 
700 1 |a Ségeral, Nathalie,  |e editor. 
700 1 |a Vuong, Léa,  |e editor.  |1 https://id.oclc.org/worldcat/entity/E39PCjBwQM9JPFqbXvWpHMFGBP 
710 2 |a Society for Francophone Postcolonial Studies.  |1 https://id.oclc.org/worldcat/entity/E39QH7JmqwrTxB9gkKT9CW8Tgg 
830 0 |a Francophone postcolonial studies ;  |v new ser., v. 15. 
852 8 |b POD  |z This title is available for the library to purchase for your use. Click the "Purchase It For Me" button to place a request. This item will take 5-10 business days to arrive. 
955 |a Print PDA title 
961 |m 565730 
999 f f |s 3014e270-4783-4d67-a188-8e27f53a464f  |i 3b9bfc3b-a436-4fed-a25d-550d9b78ddb6  |t 0 
952 f f |a Texas A&M University  |b College Station  |c Sterling C. Evans Library  |d Purchase on Demand  |t 0  |e NX653.F74 F73 2024  |h Library of Congress classification 
998 f f |a NX653.F74 F73 2024  |t 0  |l Purchase on Demand